000 00504nam a2200181Ia 4500
005 20250508155235.0
008 008 250505s9999 xx 000 0 eng d
037 _aBooks to be hide in OPAC
040 _aFEDL
_beng
_cFEDL
041 _aeng
_2eng
084 _a370.954, IND/O
_qFEDL
245 0 _aEducation in India 1957-58 : Vol. 1
245 0 _cIndia. Education (Ministry of...)
260 _c1962
300 _a347p.
942 _cHB
_h370.954, IND/O
999 _c1355442
_d1355442